Head First Data Analysis (Record no. 609388)

000 -LEADER
fixed length control field 00335nam a22001337a 4500
020 ## - INTERNATIONAL STANDARD BOOK NUMBER
International Standard Book Number 9780596153939
040 ## - CATALOGING SOURCE
Transcribing agency NUST
082 ## - DEWEY DECIMAL CLASSIFICATION NUMBER
Classification number 658.4038
Author Mark MIL
100 ## - MAIN ENTRY--PERSONAL NAME
Personal name Milton, Michael
9 (RLIN) 123077
245 ## - TITLE STATEMENT
Title Head First Data Analysis
260 ## - PUBLICATION, DISTRIBUTION, ETC.
Place of publication, distribution, etc. O'Reilly:
Name of publisher, distributor, etc. Beijing,
Date of publication, distribution, etc. 2009.
650 ## - SUBJECT ADDED ENTRY--TOPICAL TERM
Topical term or geographic name entry element Business Data Processing
9 (RLIN) 113041
942 ## - ADDED ENTRY ELEMENTS (KOHA)
Source of classification or shelving scheme
Koha item type Book
Holdings
Withdrawn status Lost status Source of classification or shelving scheme Damaged status Not for loan Permanent Location Current Location Shelving location Date acquired Total Checkouts Full call number Barcode Date last seen Price effective from Koha item type
          College of Electrical & Mechanical Engineering (CEME) College of Electrical & Mechanical Engineering (CEME) General Stacks 05/30/2024   658.4038 MIL CEME- 49286 05/30/2024 05/30/2024 Book
© 2023 Central Library, National University of Sciences and Technology. All Rights Reserved.